United states biggest issues. - Statistics

General Stats
  • This quiz has been taken 8 times
  • The average score is 4 of 8
Answer Stats
Hint Answer % Correct
Issue that made Richard Nixon resign from office Watergate
100%
An NFL Player that killed two people but was never convicted OJ Simpson
88%
Scandal that caused a person to lose a lot of votes in the election over using a private email Hillary Clinton
63%
Biker who won 7 tour de france titles but was doping and stripped of his titles Lance Armstrong
63%
A team that was paid to throw the world series White Sox
50%
Accepting money from an oil person Albert Fall became the first US cabinet member to go to jail Teapot Dome
38%
Bargain that caused John Quincy Adams to become President even thought he was less liked. Henry Clay
0%
Issue used to try and boost Ulysses S Grant campaign Whiskey Ring
0%
No matching quizzes found
Score Distribution
Percent of People with Each Score
Percentile by Number Answered
Your Score History
You have not taken this quiz